书目信息 |
| 题名: |
社会学概论新修
|
|
| 作者: | 郑杭生 主编 | |
| 分册: | ||
| 出版信息: | 北京 中国人民大学出版社 1994.01 |
|
| 页数: | 573页 | |
| 开本: | 20cm | |
| 丛书名: | ||
| 单 册: | ||
| 中图分类: | C91 | |
| 科图分类: | ||
| 主题词: | 社会学 | |
| 电子资源: | ||
| ISBN: | 7-300-01808-4 | |
| 000 | 00549nam0 2200193 45 | |
| 001 | 0256108409 | |
| 005 | 2002123015350770 | |
| 010 | @a7-300-01808-4@dRMB 21.00 | |
| 100 | @a20021230d1994 km y0chiy0120 ea | |
| 101 | 0 | @achi |
| 102 | @aCN@b110000 | |
| 200 | 1 | @a社会学概论新修@Ashe hui xue gai lun xin xiu@f郑杭生主编@Fzheng hang sheng zhu bian |
| 210 | @a北京@c中国人民大学出版社@d1994.01 | |
| 215 | @a573页@d20cm | |
| 606 | 0 | @a社会学 |
| 690 | @aC91@v3 | |
| 701 | 0 | @a郑杭生@Azheng hang sheng@4主编 |
| 801 | 0 | @aCN@bPFT@c20021230 |
| 905 | @dC91@eZ430 | |
| 社会学概论新修/郑杭生主编.-北京:中国人民大学出版社,1994.01 |
| 573页;20cm |
| ISBN 7-300-01808-4:RMB 21.00 |
| ● |
| 相关链接 |
|
|
|
正题名:社会学概论新修
索取号:C91/Z430
 
预约/预借
| 序号 | 登录号 | 条形码 | 馆藏地/架位号 | 状态 | 备注 |
| 1 | 363967 | 203639679 | 社科库509/509社科库 56排3列4层/ [索取号:C91/Z430] | 在馆 | |
| 2 | 363968 | 203639688 | 社科库509/509社科库 56排3列4层/ [索取号:C91/Z430] | 在馆 |